Estudio comparativo de tuberías para drenajes pluviales en urbanizaciones
Zapisane w:
| 1. autor: | |
|---|---|
| Kolejni autorzy: | |
| Format: | Książka |
| Wydane: |
San José, Costa Rica
1998
|
| Hasła przedmiotowe: | |
| Etykiety: |
Dodaj etykietę
Nie ma etykietki, Dołącz pierwszą etykiete!
|
MARC
| LEADER | 00000nam a2200000Ia 4500 | ||
|---|---|---|---|
| 003 | 008343 | ||
| 005 | 20240822082706.0 | ||
| 008 | 140114s1998 cr a m 000 ||s d | ||
| 040 | |c cru CEDI | ||
| 090 | |a TFG 3752 | ||
| 100 | |a Arias Arias, José Antonio, 1970- |9 3599 | ||
| 245 | |a Estudio comparativo de tuberías para drenajes pluviales en urbanizaciones | ||
| 260 | |a San José, Costa Rica |c 1998 | ||
| 300 | |a [175] hojas : ilustraciones | ||
| 500 | |a Trabajo de graduación (licenciatura en ingeniería civil)--Universidad de Costa Rica. Facultad de Ingeniería. Escuela de Ingeniería Civil | ||
| 501 | |a Director de Trabajo de Graduación: Ing. Eugenio Odio González | ||
| 650 | |x TUBERIAS |x INSTALACIONES DE TUBERIAS |9 9247 | ||
| 700 | |a Odio González, Eugenio, 1966- |d Director del TFG |9 1797 | ||
| 942 | |c TFG |h TFG 3752 |i 008343 |6 TFG_3752_008343000000000 | ||
| 999 | |c 18735 |d 18735 | ||
